| 000 | 00387nam a22001457a 4500 | ||
|---|---|---|---|
| 005 | 20230830123016.0 | ||
| 008 | 230705b |||||||| |||| 00| 0 eng d | ||
| 082 |
_a621.381 _bGET-P |
||
| 100 | _aGetz:Berlin | ||
| 245 | _aPRINCIPLES OF ELECTRONIC INSTRUMENTATION AND MEASUREMENT | ||
| 500 | _aINCLUDE APPENDIX A,B,C,D,E | ||
| 650 | _aEngineering | ||
| 700 | _aBerlin Getz | ||
| 999 |
_c18824 _d18824 |
||